Tradiciones filipinas / (Record no. 166447)

MARC details
000 -LEADER
campo de control de longitud fija 01103nam a2200289 i 4500
001 - NÚMERO DE CONTROL
campo de control 166447
003 - IDENTIFICADOR DE NÚMERO DE CONTROL
campo de control ES-MaACL
005 - FECHA Y HORA DE LA ÚLTIMA TRANSACCIÓN
campo de control 20250928105547.0
008 - DATOS DE LONGITUD FIJA--INFORMACIÓN GENERAL
campo de control de longitud fija 050915s1898 phla |||| | spa d
040 ## - FUENTE DE CATALOGACIÓN
Centro catalogador/agencia de origen CAM
Lengua de catalogación spa
Centro/agencia transcriptor CAM
080 ## - NÚMERO DE LA CLASIFICACIÓN DECIMAL UNIVERSAL
Número de la Clasificación Decimal Universal 398.2(599)
100 1# - ENTRADA PRINCIPAL--NOMBRE DE PERSONA
Nombre de persona Toral, Juan.
9 (RLIN) 133298
245 10 - MENCIÓN DEL TÍTULO
Título Tradiciones filipinas /
Mención de responsabilidad, etc. Juan y José Toral ; [ilustraciones, P. Olivella y V. Tur].
260 ## - PUBLICACIÓN, DISTRIBUCIÓN, ETC.
Lugar de publicación, distribución, etc. Manila :
Nombre del editor, distribuidor, etc. [s.n.],
Fecha de publicación, distribución, etc. 1898 (
Fabricante Imp. Litogr. Partier)
300 ## - DESCRIPCIÓN FÍSICA
Extensión 233 p. :
Otras características físicas il. ;
Dimensiones 19 cm.
530 ## - NOTA DISPONIBLE DE FORMULARIO FÍSICO ADICIONAL
Nota de formato físico adicional disponible Disponible en formato digital.
594 ## - Nota al título y mención de responsabilidad
Nota al título y mención de responsabilidad Los il. tomados de la cub. original.
597 ## - NOTA DE DESCRIPCIÓN FÍSICA
NOTA DE DESCRIPCIÓN FÍSICA Port. ilustrada a color.
650 #4 - PUNTO DE ACCESO ADICIONAL DE MATERIA--TÉRMINO DE MATERIA
Término de materia o nombre geográfico como elemento de entrada Leyendas-
Subdivisión geográfica Filipinas.
9 (RLIN) 159962
700 1# - ENTRADA AGREGADA--NOMBRE PERSONAL
Nombre de persona Toral, José,
Fechas asociadas al nombre 1874-1935
9 (RLIN) 159961
700 1# - ENTRADA AGREGADA--NOMBRE PERSONAL
Nombre de persona Olivella, P.,
Término indicativo de función/relación
9 (RLIN) 130625
700 1# - ENTRADA AGREGADA--NOMBRE PERSONAL
Nombre de persona Tur, V.,
Término indicativo de función/relación
9 (RLIN) 133414
752 ## - ENTRADA AGREGADA--NOMBRE JERÁRQUICO DEL LUGAR
País o entidad superior Filipinas -
Ciudad Manila
852 ## - LOCALIZACIÓN
Ubicación ES-MaACL
Número de control de estantería G-13492
Nota libre - Enc. editorial en tela estampada: "P. Olivella"
-- . - Dedicatoria autógrafa de los autores
856 ## - LOCALIZACIÓN Y ACCESO ELECTRÓNICOS
Identificador Uniforme de Recursos <a href="http://bdh-rd.bne.es/viewer.vm?id=0000114719&page=1 ">http://bdh-rd.bne.es/viewer.vm?id=0000114719&page=1 </a>
Nota pública Biblioteca Digital Hispánica
Holdings
Estatus retirado Estado de pérdida Estado de daño No para préstamo Colección Biblioteca de origen Biblioteca actual Ubicación en estantería Fecha de adquisición Fuente de adquisición Total de préstamos Signatura topográfica completa Código de barras Visto por última vez Precio de reemplazo Tipo de ítem Koha
        Colección digital Biblioteca del Ateneo de Madrid Biblioteca del Ateneo de Madrid Sala Pecera Planta 3 17/01/2008     G-13492 1174569 23/02/2023 23/02/2023 Libro impreso antiguo